| 000 | nam a22 a 4500 | ||
|---|---|---|---|
| 999 |
_c437 _d437 |
||
| 005 | 20170503163652.0 | ||
| 008 | 170503s2004 my ||||| |||| 00| 0 may d | ||
| 020 | _a9679311643 | ||
| 040 | _aAKMAL | ||
| 082 | _a023.209595 LAP | ||
| 090 |
_a023.209595 _b023.209595 |
||
| 245 |
_aLaporan kajian identifikasi dan analisis jurang kompetensi pustakawan / _cPerpustakaan Negara Malaysia |
||
| 260 |
_aKuala Lumpur _bPerpustakaan Negara Malaysia _c2004 |
||
| 300 |
_a87ms. _c25cm |
||
| 650 | 0 |
_aNational libraries _xAims and objectives _zMalaysia _91020 |
|
| 650 | 0 |
_aLibrarians _xTraining of _zMalaysia _91021 |
|
| 942 |
_2ddc _cBOOK |
||
| 950 | _lAKMAL | ||